Victoriano Huerta y sus correligionarios en España : 1914-1920 /

Đã lưu trong:
Chi tiết về thư mục
Tác giả chính: Ramírez Rancaño, Mario (autor.)
Định dạng: eBook
Ngôn ngữ:Tiếng Tây Ban Nha
Được phát hành: Ciudad de México : Universidad Nacional Autónoma de México, Instituto de Investigaciones Sociales : Universidad Nacional Autónoma de México, Instituto de Investigaciones Históricas, 2022.
Phiên bản:Primera edición electrónica en e-pub.
Những chủ đề:
Truy cập trực tuyến:https://elibro.unach.elogim.com/es/lc/unach/titulos/279129
Các nhãn: Thêm thẻ
Không có thẻ, Là người đầu tiên thẻ bản ghi này!

MARC

LEADER 00000nam a2200000 i 4500
001 ELB279129
003 FINmELB
005 202507220000.0
006 m o d |
007 cr cnu||||||||
008 250720s2022 mx ob 000 0 spa d
020 |a 9786073064521  |q (ebook) 
020 |z 9786073032704 
035 |a (OCoLC)1528757235 
040 |a FINmELB  |b spa  |e rda  |c FINmELB 
041 0 |a spa 
050 0 0 |a F1234.H87  |b R367 2022 
080 |a 94(72)"1914/1920" 
082 0 4 |a 972.0816  |2 23 
100 1 |a Ramírez Rancaño, Mario,  |e autor. 
245 1 0 |a Victoriano Huerta y sus correligionarios en España :  |b 1914-1920 /  |c Mario Ramírez Rancaño. 
250 |a Primera edición electrónica en e-pub. 
264 1 |a Ciudad de México :  |b Universidad Nacional Autónoma de México, Instituto de Investigaciones Sociales :  |b Universidad Nacional Autónoma de México, Instituto de Investigaciones Históricas,  |c 2022. 
300 |a 1 recurso en línea 
336 |a texto  |b txt  |2 rdacontent/spa 
337 |a computadora  |b c  |2 rdamedia/spa 
338 |a recurso en línea  |b cr  |2 rdacarrier/spa 
500 |a Edición electrónica según la primera edición en papel de 2020. 
504 |a Incluye referencias bibliográficas. 
588 |a Descripción basada en metadatos suministrados por el editor y otras fuentes. 
590 |a Recurso electrónico. Santa Fe, Arg.: elibro, 2025. Disponible vía World Wide Web. El acceso puede estar limitado para las bibliotecas afiliadas a elibro. 
600 1 4 |a Huerta, Victoriano,  |d 1845-1916. 
651 0 |a México  |x Historia  |y Revolución, 1910-1920. 
651 0 |a México  |x Relaciones exteriores  |y 1910-1946. 
651 0 |a España  |x Relaciones exteriores  |y Siglo XX. 
655 4 |a Libros electrónicos. 
797 2 |a elibro, Corp. 
856 4 0 |u https://elibro.unach.elogim.com/es/lc/unach/titulos/279129